00253nam a2200097Ia 4500082001800000245003800018100003200056942000700088008004100095999001900136 a352.4214 FOUR 0aMunicipal finance and accounting  a FOURIE, Mare-Lise 988990 cBK210825s9999 xx 000 0 und d c515973d515972